[Event "Saratov Rating"]
[Site "Saratov"]
[Date "2009.04.09"]
[Round "7"]
[White "Tolkanitsa, Vladimir"]
[Black "Turbanov, Gennady"]
[Result "0-1"]
[WhiteElo "1885"]
[BlackElo "1987"]
[PlyCount "116"]
[EventDate "2009.04.02"]
[EventType "tourn"]
[EventRounds "11"]
[EventCountry "RUS"]
[SourceTitle "EXT 2022"]
[Source "ChessBase"]
[SourceDate "2021.10.06"]
[SourceVersion "1"]
[SourceVersionDate "2021.10.06"]
[SourceQuality "1"]

1. e4 c5 2. f4 d5 3. exd5 Qxd5 4. Nc3 Qd6 5. d3 Nf6 6. Be2 g6 7. Nf3 Nc6 8. 0-0 Bg7 9. Nb5 Qd8 10. Ng5 a6 11. Nc3 0-0 12. Re1 Nd4 13. Bf1 b6 14. Nce4 Nd5 15. c3 Nc6 16. Qc2 Bb7 17. Bd2 Qc7 18. g3 Rad8 19. Rad1 Rd7 20. Nh3 Rfd8 21. Bc1 Nf6 22. Bg2 e6 23. Kh1 Ne7 24. Be3 Nf5 25. Bg1 Ng4 26. Qe2 Nf6 27. Nhf2 a5 28. Nxf6+ Bxf6 29. Ng4 Bg7 30. Bf3 Ba6 31. Nf2 Rd6 32. Qc2 h5 33. Be4 Qd7 34. Kg2 Nh6 35. h3 Nf5 36. Qc1 Ne7 37. Qc2 Nc6 38. Qc1 e5 39. g4 hxg4 40. hxg4 exf4 41. Qxf4 Ne5 42. Bh2 Rf6 43. Qg3 Re6 44. d4 cxd4 45. cxd4 Nc4 46. d5 Ree8 47. b3 Ne5 48. g5 Rc8 49. Qh4 Bb7 50. Rh1 Rc5 51. d6 Rc2 52. Bxe5 Rxe5 53. Bxb7 Qxb7+ 54. Kf1 Qd7 55. Qh7+ Kf8 56. Rh2 Qb5+ 57. Kg1 Rxg5+ 58. Kh1 Qc6+ 0-1

[Event "Saratov Rating"]
[Site "Saratov"]
[Date "2009.04.07"]
[Round "5"]
[White "Turbanov, Gennady"]
[Black "Ponomarev, Vladimir2222"]
[Result "0-1"]
[WhiteElo "1987"]
[BlackElo "1947"]
[PlyCount "78"]
[EventDate "2009.04.02"]
[EventType "tourn"]
[EventRounds "11"]
[EventCountry "RUS"]
[SourceTitle "EXT 2022"]
[Source "ChessBase"]
[SourceDate "2021.10.06"]
[SourceVersion "1"]
[SourceVersionDate "2021.10.06"]
[SourceQuality "1"]

1. c4 e6 2. Nc3 d5 3. e3 Nf6 4. d4 c5 5. Nf3 Nc6 6. a3 Be7 7. dxc5 Bxc5 8. b4 Be7 9. Bb2 0-0 10. Qc2 dxc4 11. Bxc4 a6 12. 0-0 Qc7 13. Bd3 Bd7 14. Rac1 Rac8 15. Rfd1 h6 16. Qe2 e5 17. Ne4 Bg4 18. h3 Bxf3 19. Qxf3 Nxe4 20. Bxe4 g6 21. Bxc6 bxc6 22. Qe4 Bf6 23. Rc5 Rcd8 24. Rdc1 Rd2 25. Rxc6 Qe7 26. Bc3 Rd6 27. Rc5 Rfd8 28. g4 Bg7 29. Kg2 h5 30. Be1 Qh4 31. f4 Rd2+ 32. Kg1 Qxh3 33. R5c2 Qxg4+ 34. Kf1 Qe2+ 35. Kg1 Rxc2 36. Qxc2 Qxe3+ 37. Bf2 Qxf4 38. Kf1 Rd2 39. Qc5 Rxf2+ 0-1